000 01019nam a22003257a 4500
003 CHAP
005 20220329140415.0
008 971013s1986 r 00010 d
010 _a51520
011 _a52492
035 _a56642
040 _cCHAP
090 _aFolleto 11204
100 0 0 _aTovar, Pilar.
_9114430
245 _aPropagación de papa mediante cultivo de tejidos
260 _aLima, Perú :
_bCIP,
_c1986
300 _a12 p.
_b: ilus.
490 _aSerie CIP de Diapositivas Didácticas
_v; I-5
590 _aBATCH-UPD
_b10
_c20130110
_lUCH01
_h0444
590 _aBATCH-UPD
_b10
_c20130410
_lUCH01
_h0121
590 _aBATCH-UPD
_b10
_c20130914
_lUCH01
_h1115
590 _aCONVERSION
_b10
_c20130109
_lUCH01
_h1328
650 1 4 _aCultivo de tejidos.
_930213
650 1 4 _aPapa
_xPropagación.
_985279
700 0 _aDodds, John.
_933304
830 0 _aSerie CIP de Diapositivas Didácticas
_v; I-5
_9104654
901 _aBK
942 _cFOLL
949 _aFolleto 11204
_bBC
_cFOLL
_d-123666
_eTS1
_i56642
_mD
_si
999 _c51520
_d51520